000 00532nam a2200169Ia 4500
999 _c3789
_d3789
003 OSt
005 20200821113859.0
008 190216s9999||||xx |||||||||||||| ||und||
020 _a9788173199295
040 _coclc
082 _a620.11
_bSRI/C
100 _aSrinivasan, K
_94258
245 0 _aComposite Materials :
_bProduction,Properties,Testing And Applications /
_cK Srinivasan
260 _bNarosa Publishing House,
_c2009.
_aNew Delhi:
300 _a200p
942 _cBK
_2ddc
_h620.11
_iSRI/C
_k620.11
_mSRI/C